Вып. 34 : ... в 1989 году; Диаграммы состояния металлических систем, опубликованные ...

Bibliografiset tiedot
Parent link:Диаграммы состояния металлических систем, опубликованные .../ Академия наук СССР (АН СССР), Всесоюзный институт научной и технической информации (ВИНИТИ). Вып. 34 : ... в 1989 году.— , 1959-1996
Muut tekijät: Ганина Н. И., Захаров А. М., Оленичева В. Г., Петрова Л. А.
Yhteenveto:Приложение к сводному тому и выпуску "Металловедение и термическая обработка" реферативного журнала "Металлургия"
Kieli:venäjä
Julkaistu: 1990
Aiheet:
Aineistotyyppi: MixedMaterials Kirja
KOHA link:https://koha.lib.tpu.ru/cgi-bin/koha/opac-detail.pl?biblionumber=84041

MARC

LEADER 00000nam2a2200000 4500
001 84041
005 20231101213329.0
035 |a (RuTPU)RU\TPU\book\90355 
035 |a RU\TPU\book\2511 
090 |a 84041 
100 |a 20051025d1990 k y0rusy50 ca 
101 0 |a rus 
102 |a RU 
105 |a a z 000yy 
200 0 |a Вып. 34 : ... в 1989 году  |f Н. И. Ганина [и др.] 
210 |d 1990 
215 |a 600 с.  |c ил. 
300 |a Приложение к сводному тому и выпуску "Металловедение и термическая обработка" реферативного журнала "Металлургия" 
461 1 |0 (RuTPU)RU\TPU\book\98469  |t Диаграммы состояния металлических систем, опубликованные ...  |f Академия наук СССР (АН СССР), Всесоюзный институт научной и технической информации (ВИНИТИ)  |v Вып. 34 : ... в 1989 году  |d 1959-1996 
606 1 |a Металлические системы  |x Диаграммы состояния  |x Исследование  |2 stltpush  |3 (RuTPU)RU\TPU\subj\42377  |9 62047 
610 1 |a металловедение 
610 1 |a диаграммы 
610 1 |a состояние 
675 |a 669.017.11  |v 3 
701 1 |a Ганина  |b Н. И. 
701 1 |a Захаров  |b А. М. 
701 1 |a Оленичева  |b В. Г. 
701 1 |a Петрова  |b Л. А. 
801 0 |a RU  |b 63413507  |c 20011209  |g PSBO 
801 2 |a RU  |b 63413507  |c 20180302  |g PSBO 
942 |c BK